| 000 | 00313nam a2200133 i 4500 | ||
|---|---|---|---|
| 001 | bg | ||
| 100 | 1 | _aSTRAJTWOLF, E. | |
| 245 | 0 |
_aTeorija grupp w fizike twerdogo tela / _cE. Strajtwolf. |
|
| 260 |
_aMoskwa, _c1971. |
||
| 040 | _cBPK | ||
| 041 | _apol | ||
| 942 | _cKS | ||
| 008 | s pl f |000 0 pol | ||
| 999 |
_c9204 _d9204 |
||
| 856 |
_uhttp://koha.tu.koszalin.pl/cgi-bin/koha/opac-detail.pl?biblionumber=9204 _yKatalog online BPK |
||